000 00881nas a2200313 4500
001 BR0703439
003 BR-BrBNA
005 20231205110911.0
007 ta
008 230509b bl.|||p| |||| 00| 00por d
040 _aBR-BrBNA
_bpor
_cBiblioteca Nacional de Agricultura
041 _a(Pt)
072 _aP33
100 1 _aRichart, A.
100 1 _aTavares Filho, J.
100 1 _aBrito, O.R.
100 1 _aLlanillo, R.F.
100 1 _aFerreira, R.
245 1 _aCompactação do solo: causas e efeitos
650 _aSOLO
650 _aCOMPACTAÇÃO DO SOLO
650 _aMANEJO DO SOLO
650 _aMÁQUINA AGRÍCOLA
650 _aEROSÃO DO SOLO
650 _aPROPRIEDADE FÍSICO-QUÍMICA
773 0 _tSemina (Brazil)
_xISSN 1676-546X
_g(Jul-Sep 2005), v. 26(3) p. 321-344
_wBR0703439
909 _a202311
_bLúcia
_c55
_dLúcia Elande
942 _2AGRIS
_n0
_cANA
999 _c189673
_d189673